00252nam a2200109Ia 4500008004100000041001200041100001200053245005300065260000600118650000600124700001200130221030s9999 xx 000 0 und d aEnglish aA. Leon 0aDatabase Management Systemscby A. Leon, M. Leon c0 aB aM. Leon